[Event "Olomouc Inline Czechia Cup"]
[Site "Olomouc"]
[Date "2006.08.08"]
[Round "9.5"]
[White "Ptacnikova, Lenka"]
[Black "Cuenca Jimenez, Jose Fernando"]
[Result "1-0"]
[WhiteElo "2193"]
[BlackElo "2417"]
[PlyCount "120"]
[EventDate "2006.08.02"]
[EventType "tourn"]
[EventRounds "11"]
[EventCountry "CZE"]
[EventCategory "3"]
[SourceTitle "CBM 113 Extra"]
[Source "ChessBase"]
[SourceDate "2006.09.14"]
[SourceVersion "1"]
[SourceVersionDate "2006.09.14"]
[SourceQuality "1"]

1. e4 e5 2. Nf3 Nc6 3. Bb5 Nf6 4. O-O Nxe4 5. d4 Nd6 6. dxe5 Nxb5 7. a4 Nbd4 8.
Nxd4 Nxd4 9. Qxd4 d5 10. exd6 Qxd6 11. Qe4+ Qe6 12. Qd4 Qd6 13. Qe4+ Be7 14.
Bf4 Qe6 15. Nc3 Qxe4 16. Nxe4 Bd8 17. Rfe1 O-O 18. Ra3 Bd7 19. Nc5 Bc6 20. Rd3
f6 21. Nd7 Bxd7 22. Rxd7 Rc8 23. Kf1 h5 24. h3 g5 25. Bd2 b6 26. Bc3 Rf7 27.
Re8+ Rf8 28. Re6 Rf7 29. Rd5 Be7 30. Rf5 Rcf8 31. b4 h4 32. b5 Kh7 33. f4 Bd6
34. Bd2 Kg7 35. Kf2 gxf4 36. Bxf4 Bc5+ 37. Kf3 Rd8 38. Kg4 Rd4 39. Kh5 Be7 40.
Rc6 Rxa4 41. Rxc7 Kg8 42. Rc8+ Kh7 43. Kxh4 Kg6 44. Kg4 Rg7 45. Rc6 Ra3 46.
Rg5+ Kf7 47. Rxg7+ Kxg7 48. Kf5 Ra1 49. h4 Rd1 50. c4 Kf7 51. h5 Rh1 52. g4 Rd1
53. Rc7 Kf8 54. Rxa7 Bc5 55. h6 Kg8 56. Kg6 Rd8 57. Rb7 Rf8 58. Rb8 Rxb8 59.
Bxb8 Be3 60. Bd6 Bd4 1-0

[Event "Olomouc Inline Czechia Cup"]
[Site "Olomouc"]
[Date "2006.08.09"]
[Round "10.2"]
[White "Cuenca Jimenez, Jose Fernando"]
[Black "Klecker, Tadeas"]
[Result "1-0"]
[WhiteElo "2417"]
[BlackElo "1955"]
[PlyCount "47"]
[EventDate "2006.08.02"]
[EventType "tourn"]
[EventRounds "11"]
[EventCountry "CZE"]
[EventCategory "3"]
[SourceTitle "CBM 113 Extra"]
[Source "ChessBase"]
[SourceDate "2006.09.14"]
[SourceVersion "1"]
[SourceVersionDate "2006.09.14"]
[SourceQuality "1"]

1. c4 Nf6 2. Nc3 c5 3. g3 g6 4. Bg2 Bg7 5. Nf3 Nc6 6. O-O O-O 7. d4 cxd4 8.
Nxd4 Nxd4 9. Qxd4 d6 10. Bg5 h6 11. Bd2 Ng4 12. Qf4 Ne5 13. b3 Rb8 14. Rac1 Bf5
15. e4 Nd3 16. Qe3 Nxc1 17. exf5 Bxc3 18. Bxc3 Nxa2 19. Bd2 Qb6 20. Qxe7 Qd4
21. Bxh6 Rfe8 22. Qg5 Re5 23. Bd5 Rxf5 24. Qxg6+ 1-0

[Event "Olomouc Inline Czechia Cup"]
[Site "Olomouc"]
[Date "2006.08.10"]
[Round "11.6"]
[White "Kanovsky, David"]
[Black "Cuenca Jimenez, Jose Fernando"]
[Result "1-0"]
[WhiteElo "2368"]
[BlackElo "2417"]
[PlyCount "109"]
[EventDate "2006.08.02"]
[EventType "tourn"]
[EventRounds "11"]
[EventCountry "CZE"]
[EventCategory "3"]
[SourceTitle "CBM 113 Extra"]
[Source "ChessBase"]
[SourceDate "2006.09.14"]
[SourceVersion "1"]
[SourceVersionDate "2006.09.14"]
[SourceQuality "1"]

1. e4 e5 2. Nf3 Nc6 3. d4 exd4 4. Nxd4 Bb4+ 5. c3 Bc5 6. Be3 Bb6 7. Nf5 Bxe3 8.
Nxe3 Nf6 9. Nd2 d5 10. Bb5 O-O 11. Bxc6 bxc6 12. Qa4 Rb8 13. O-O-O Rb6 14. a3
Re8 15. Rhe1 Bd7 16. Qxa7 Qc8 17. f3 Rb7 18. Qd4 Qb8 19. b4 c5 20. Qxc5 Rb5 21.
Qd4 c5 22. Qd3 d4 23. cxd4 cxb4 24. a4 Ra5 25. Kb2 Rxa4 26. Ra1 Ra3 27. Nb3 Ba4
28. Rxa3 bxa3+ 29. Ka2 Rc8 30. Rb1 Qxh2 31. Nc5 Bc6 32. Qa6 Qc7 33. Qb6 Qd6 34.
Nf5 Qf8 35. Qa7 Re8 36. Qc7 Ba8 37. Nd6 Rd8 38. Nf5 Re8 39. Rb6 g6 40. Rxf6
gxf5 41. Rxf5 Qg7 42. g4 h6 43. Qd6 Rc8 44. Nd7 Kh8 45. Rh5 Rc6 46. Qf8+ Qg8
47. Qxg8+ Kxg8 48. Rc5 Ra6 49. d5 Kg7 50. e5 Kg6 51. Nf6 Kg5 52. d6 Bc6 53.
Rxc6 Rxc6 54. d7 Rc2+ 55. Kxa3 1-0

[Event "ESP-ch Student"]
[Site "Cartagena"]
[Date "2007.05.07"]
[Round "1"]
[White "Cuenca Jimenez, Jose Fernando"]
[Black "Leranoz Zabalza, Adrian"]
[Result "0-1"]
[WhiteElo "2397"]
[BlackElo "2061"]
[PlyCount "77"]
[EventDate "2007.05.06"]
[EventType "swiss"]
[EventRounds "9"]
[EventCountry "ESP"]
[SourceTitle "CBM 118 Extra"]
[Source "ChessBase"]
[SourceDate "2007.07.04"]
[SourceVersion "1"]
[SourceVersionDate "2007.07.04"]
[SourceQuality "1"]

1. c4 e5 2. g3 f5 3. Bg2 Nf6 4. Nc3 Bb4 5. d3 O-O 6. Bd2 d6 7. e3 c6 8. Nge2
Na6 9. f4 Qb6 10. a3 Bxc3 11. Nxc3 exf4 12. Na4 Qd8 13. gxf4 Ng4 14. O-O Re8
15. Rf3 d5 16. cxd5 Qxd5 17. d4 Be6 18. h3 Nf6 19. Qc2 Qd7 20. Nc3 Bd5 21. Nxd5
cxd5 22. Rff1 Ne4 23. Rfd1 Re6 24. Be1 Rc8 25. Qe2 Rec6 26. Qb5 Nc7 27. Qa4 a6
28. Rac1 b5 29. Qb3 Ne8 30. Rxc6 Rxc6 31. a4 Rb6 32. axb5 axb5 33. Rc1 Qb7 34.
Qc2 N8d6 35. b3 Qa6 36. Bb4 h6 37. Be1 Kh7 38. Kh2 Qb7 39. Bf3 0-1

[Event "ESP-ch Student"]
[Site "Cartagena"]
[Date "2007.05.07"]
[Round "2"]
[White "Ares Campo, Iria"]
[Black "Cuenca Jimenez, Jose Fernando"]
[Result "1-0"]
[WhiteElo "1923"]
[BlackElo "2397"]
[PlyCount "97"]
[EventDate "2007.05.06"]
[EventType "swiss"]
[EventRounds "9"]
[EventCountry "ESP"]
[SourceTitle "CBM 118 Extra"]
[Source "ChessBase"]
[SourceDate "2007.07.04"]
[SourceVersion "1"]
[SourceVersionDate "2007.07.04"]
[SourceQuality "1"]

1. e4 e5 2. Nf3 Nc6 3. Nc3 Nf6 4. d4 exd4 5. Nxd4 Bb4 6. Nxc6 bxc6 7. Bd3 d5 8.
exd5 O-O 9. O-O cxd5 10. Bg5 c6 11. Qf3 Be7 12. h3 h6 13. Bh4 Rb8 14. b3 Rb4
15. Bg3 Nh7 16. Ne2 Ng5 17. Qe3 Ne4 18. Qxa7 Nxg3 19. Nxg3 f5 20. Ne2 f4 21.
Nd4 Rb6 22. Rae1 Bc5 23. Ne6 Bxe6 24. Rxe6 f3 25. g3 Bd4 26. Qa4 c5 27. Rxb6
Qxb6 28. c4 Qd6 29. Kh2 Qe7 30. Qa6 dxc4 31. Qxc4+ Kh8 32. Qd5 g5 33. Qe4 Qc7
34. Qg6 Qg7 35. Qxg7+ Kxg7 36. g4 Kf6 37. a4 Ke5 38. Kg3 Rf4 39. h4 gxh4+ 40.
Kxh4 Kd6 41. Kh5 Bf6 42. a5 Bg5 43. a6 Rf7 44. Ra1 Ra7 45. Be4 Bf6 46. Rd1+ Bd4
47. Bb7 Ke5 48. Rd2 Kf4 49. Rd3 1-0

[Event "ESP-ch Student"]
[Site "Cartagena"]
[Date "2007.05.07"]
[Round "2"]
[White "Cuenca Jimenez, Jose Fernando"]
[Black "Paredes Cordo, Jacobo Borja"]
[Result "0-1"]
[WhiteElo "2107"]
[BlackElo "2211"]
[PlyCount "72"]
[EventDate "2007.05.06"]
[EventType "swiss"]
[EventRounds "9"]
[EventCountry "ESP"]
[SourceTitle "CBM 118 Extra"]
[Source "ChessBase"]
[SourceDate "2007.07.04"]
[SourceVersion "1"]
[SourceVersionDate "2007.07.04"]
[SourceQuality "1"]

1. c4 e5 2. g3 d6 3. Bg2 Nc6 4. Nc3 Be6 5. d3 Qd7 6. e3 Nge7 7. Nd5 Nd8 8. Ne2
c6 9. Nxe7 Bxe7 10. f4 Bh3 11. O-O O-O 12. d4 exd4 13. Nxd4 Bxg2 14. Kxg2 d5
15. Nf3 Bf6 16. e4 Re8 17. e5 Be7 18. cxd5 cxd5 19. Be3 Nc6 20. Rc1 Rac8 21.
Qa4 Nxe5 22. Qxd7 Nxd7 23. Bxa7 b6 24. Ne5 Nxe5 25. fxe5 Bc5 26. Rfd1 Ra8 27.
b4 Rxa7 28. bxc5 Rxa2+ 29. Kg1 bxc5 30. Rxd5 h6 31. Rdxc5 Rea8 32. Rd1 Re2 33.
h3 Ra3 34. Kf1 Rh2 35. Rc8+ Kh7 36. Rc7 Rh1+ 0-1

[Event "ESP-ch Student"]
[Site "Cartagena"]
[Date "2007.05.08"]
[Round "3"]
[White "Cuenca Jimenez, Jose Fernando"]
[Black "Amigo Villalta, Jordi"]
[Result "1-0"]
[WhiteElo "2397"]
[BlackElo "2192"]
[PlyCount "51"]
[EventDate "2007.05.06"]
[EventType "swiss"]
[EventRounds "9"]
[EventCountry "ESP"]
[SourceTitle "CBM 118 Extra"]
[Source "ChessBase"]
[SourceDate "2007.07.04"]
[SourceVersion "1"]
[SourceVersionDate "2007.07.04"]
[SourceQuality "1"]

1. c4 e5 2. g3 Nf6 3. Bg2 d5 4. cxd5 Nxd5 5. Nc3 Nb6 6. Nf3 Nc6 7. O-O Be7 8.
a3 O-O 9. b4 f6 10. b5 Nd4 11. e3 Nxf3+ 12. Bxf3 a6 13. bxa6 Rxa6 14. a4 Ra5
15. d4 exd4 16. exd4 c6 17. Qb3+ Kh8 18. Rd1 Nd5 19. Nxd5 Be6 20. Qxb7 Bxd5 21.
Bxd5 Rxd5 22. Re1 Rd7 23. Qxc6 Rxd4 24. Be3 Rd6 25. Qc4 Rd5 26. Bb6 1-0

[Event "ESP-ch Student"]
[Site "Cartagena"]
[Date "2007.05.08"]
[Round "4"]
[White "Cuenca Jimenez, Jose Fernando"]
[Black "Jimenez Martinez, Jose Vicente"]
[Result "0-1"]
[WhiteElo "2107"]
[BlackElo "2202"]
[PlyCount "88"]
[EventDate "2007.05.06"]
[EventType "swiss"]
[EventRounds "9"]
[EventCountry "ESP"]
[SourceTitle "CBM 118 Extra"]
[Source "ChessBase"]
[SourceDate "2007.07.04"]
[SourceVersion "1"]
[SourceVersionDate "2007.07.04"]
[SourceQuality "1"]

1. c4 g6 2. g3 Bg7 3. Bg2 d6 4. Nc3 Nf6 5. e4 O-O 6. Nge2 e5 7. O-O Nc6 8. d3
Nh5 9. Be3 f5 10. exf5 gxf5 11. f4 Nf6 12. Kh1 Bd7 13. d4 Ng4 14. Bg1 e4 15. a3
a5 16. d5 Ne7 17. Bd4 Nf6 18. b4 b6 19. Rc1 Qe8 20. c5 axb4 21. axb4 bxc5 22.
bxc5 Qh5 23. Kg1 Rfb8 24. c6 Bc8 25. Bxf6 Bxf6 26. Nd4 Qf7 27. Ndb5 Bxc3 28.
Nxc3 Ba6 29. Rf2 Bd3 30. Bf1 Bxf1 31. Kxf1 Ra4 32. Rd2 Ra3 33. Rb1 Rxb1 34.
Nxb1 Ra1 35. Kf2 Ra5 36. Nc3 Rc5 37. Qb3 Qh5 38. Kg1 Qf3 39. Qb8+ Kf7 40. Nd1
Rc1 41. Qh8 Rxd1+ 42. Rxd1 Qxd1+ 43. Kg2 Qf3+ 44. Kg1 Qh5 0-1

[Event "ESP-ch Student"]
[Site "Cartagena"]
[Date "2007.05.08"]
[Round "5"]
[White "Cuenca Jimenez, Jose Fernando"]
[Black "Ausin Matilla, Daniel"]
[Result "1-0"]
[WhiteElo "2397"]
[BlackElo "1942"]
[PlyCount "103"]
[EventDate "2007.05.06"]
[EventType "swiss"]
[EventRounds "9"]
[EventCountry "ESP"]
[SourceTitle "CBM 118 Extra"]
[Source "ChessBase"]
[SourceDate "2007.07.04"]
[SourceVersion "1"]
[SourceVersionDate "2007.07.04"]
[SourceQuality "1"]

1. c4 g6 2. g3 Bg7 3. Bg2 d6 4. Nc3 e5 5. d3 Nc6 6. e3 f5 7. Nge2 Nf6 8. O-O
Bd7 9. Rb1 Rb8 10. b4 a6 11. a4 a5 12. b5 Nb4 13. Ba3 c5 14. bxc6 bxc6 15. Qd2
O-O 16. Na2 c5 17. Nac3 g5 18. f4 gxf4 19. exf4 Kh8 20. Kh1 Be6 21. Bb2 Qe7 22.
Ba1 Rbd8 23. Rbc1 Rg8 24. Rfe1 Qf7 25. Nd1 Qh5 26. Nf2 Qh6 27. Bc3 Nh5 28. Nh3
Nf6 29. Kg1 Ng4 30. Rcd1 Bf6 31. Nc1 Bf7 32. Nb3 Rg7 33. Nxa5 Rdg8 34. fxe5
dxe5 35. Qxh6 Nxh6 36. Bxe5 Bxe5 37. Rxe5 Ng4 38. Rxc5 Nxh2 39. Kxh2 Rxg3 40.
Nf4 R3g4 41. Rxf5 Be8 42. Bh3 Rh4 43. Rd2 Bd7 44. Rh5 Rxh5 45. Nxh5 Bxa4 46. d4
Nc2 47. d5 Ne1 48. Bg2 Rg6 49. Ng3 Rh6+ 50. Kg1 Rg6 51. Kf2 Nc2 52. d6 1-0

[Event "ESP-ch Student"]
[Site "Cartagena"]
[Date "2007.05.09"]
[Round "6"]
[White "Ibarra Jerez, Juan Miguel"]
[Black "Cuenca Jimenez, Jose Fernando"]
[Result "0-1"]
[WhiteElo "2152"]
[BlackElo "2397"]
[PlyCount "106"]
[EventDate "2007.05.06"]
[EventType "swiss"]
[EventRounds "9"]
[EventCountry "ESP"]
[SourceTitle "CBM 118 Extra"]
[Source "ChessBase"]
[SourceDate "2007.07.04"]
[SourceVersion "1"]
[SourceVersionDate "2007.07.04"]
[SourceQuality "1"]

1. e4 e5 2. Nf3 Nc6 3. Bb5 Nf6 4. d3 d6 5. O-O g6 6. a3 Bg7 7. Nc3 h6 8. h3 O-O
9. Be3 Bd7 10. Bc4 Be6 11. Qd2 g5 12. Rad1 Nh5 13. Bxe6 fxe6 14. Nh2 b6 15. f3
d5 16. Ne2 Nf4 17. g3 d4 18. Bxf4 exf4 19. g4 Qd6 20. Kg2 Ne5 21. h4 gxh4 22.
Nxf4 Nc4 23. dxc4 Rxf4 24. Qe2 Qe5 25. Rf2 Raf8 26. Rg1 Bf6 27. Nf1 Bg5 28. Nd2
R4f7 29. Nf1 Kh7 30. Kh3 Qc5 31. Rgg2 Qe5 32. Rg1 Rf6 33. Rgg2 Qc5 34. Rg1 Qe7
35. Kg2 Qc5 36. Rh1 Qe5 37. Rh3 a5 38. Nd2 Rg8 39. Nf1 Rgf8 40. Qd3 Qc5 41. Nd2
e5 42. Nf1 Rg8 43. Nh2 Rc6 44. b3 a4 45. Kh1 Rf8 46. f4 Rxf4 47. Rxf4 Bxf4 48.
Rxh4 Qxa3 49. bxa4 Qxa4 50. Nf3 Qxc4 51. Qa3 Qf1+ 52. Ng1 Be3 53. Rxh6+ Rxh6#
0-1

[Event "ESP-ch Student"]
[Site "Cartagena"]
[Date "2007.05.09"]
[Round "7"]
[White "Cuenca Jimenez, Jose Fernando"]
[Black "Torrado Quintela, Julio"]
[Result "0-1"]
[WhiteElo "2397"]
[BlackElo "2184"]
[PlyCount "70"]
[EventDate "2007.05.06"]
[EventType "swiss"]
[EventRounds "9"]
[EventCountry "ESP"]
[SourceTitle "CBM 118 Extra"]
[Source "ChessBase"]
[SourceDate "2007.07.04"]
[SourceVersion "1"]
[SourceVersionDate "2007.07.04"]
[SourceQuality "1"]

1. c4 e5 2. g3 Nc6 3. Bg2 f5 4. Nc3 Nf6 5. e3 Bc5 6. Nge2 d6 7. O-O O-O 8. d4
Bb6 9. b4 Nxb4 10. Qb3 c5 11. Rd1 Qe8 12. dxe5 dxe5 13. Na4 Qh5 14. Nxb6 axb6
15. f3 Be6 16. Rd6 Qf7 17. Qb1 Bxc4 18. Nc3 Rfd8 19. Rxb6 Qc7 20. Rxf6 gxf6 21.
Qxf5 Qf7 22. Qg4+ Kh8 23. e4 Rd3 24. Bb2 Rd2 25. Bc1 Rc2 26. Nd1 Be6 27. Qh4
Raxa2 28. Rxa2 Nxa2 29. Bh6 b5 30. g4 b4 31. Ne3 Rc1+ 32. Kf2 b3 33. g5 b2 34.
gxf6 b1=Q 35. Ng4 Rc2+ 0-1

[Event "ESP-ch Student"]
[Site "Cartagena"]
[Date "2007.05.10"]
[Round "9"]
[White "Cuenca Jimenez, Jose Fernando"]
[Black "Gimeno Higueras, Roberto"]
[Result "1/2-1/2"]
[WhiteElo "2397"]
[BlackElo "2198"]
[PlyCount "79"]
[EventDate "2007.05.06"]
[EventType "swiss"]
[EventRounds "9"]
[EventCountry "ESP"]
[SourceTitle "CBM 118 Extra"]
[Source "ChessBase"]
[SourceDate "2007.07.04"]
[SourceVersion "1"]
[SourceVersionDate "2007.07.04"]
[SourceQuality "1"]

1. c4 Nf6 2. Nc3 c5 3. g3 Nc6 4. Bg2 g6 5. Nf3 Bg7 6. O-O O-O 7. d4 d5 8. dxc5
dxc4 9. Qa4 Qa5 10. Qxc4 Be6 11. Qb5 Qxb5 12. Nxb5 Bc4 13. Nbd4 Nd7 14. Be3 e5
15. Nxc6 bxc6 16. Rfd1 Rfd8 17. Ne1 Rac8 18. Kf1 a5 19. Bd2 Nxc5 20. b3 Be6 21.
Bxa5 Rxd1 22. Rxd1 Bf8 23. Nc2 f5 24. Rd8 Rxd8 25. Bxd8 Nxb3 26. axb3 Bxb3 27.
Ne3 e4 28. Ba5 Kf7 29. Ke1 Ke6 30. Kd2 c5 31. f3 Bh6 32. Bc7 exf3 33. exf3 Bg7
34. f4 h6 35. Ba5 g5 36. Bh3 g4 37. Bf1 h5 38. Bd3 Bd5 39. Bxf5+ Kf6 40. Bc3+
1/2-1/2

[Event "POR-chT 49th"]
[Site "Evora"]
[Date "2007.07.28"]
[Round "1"]
[White "Cuenca Jimenez, Jose Fernando"]
[Black "Castro, Henrique Manuel Fer"]
[Result "1-0"]
[WhiteElo "2408"]
[BlackElo "2186"]
[PlyCount "69"]
[EventDate "2007.07.28"]
[EventType "team"]
[EventRounds "9"]
[EventCountry "POR"]
[SourceTitle "CBM 119 Extra"]
[Source "ChessBase"]
[SourceDate "2007.09.04"]
[SourceVersion "1"]
[SourceVersionDate "2007.09.04"]
[SourceQuality "1"]

1. c4 e5 2. g3 g6 3. Bg2 Bg7 4. Nc3 Nc6 5. d3 Nf6 6. e4 O-O 7. Nge2 d6 8. O-O
Be6 9. h3 Qd7 10. Kh2 Ne7 11. Be3 c6 12. f4 Rfd8 13. Qd2 Ne8 14. Rad1 Nc7 15.
b3 exf4 16. Nxf4 d5 17. exd5 cxd5 18. Nxe6 fxe6 19. Bf4 Nf5 20. Qc1 Re8 21. g4
Nd4 22. Qd2 Rad8 23. Kh1 Nc6 24. Rfe1 Rf8 25. Bg3 dxc4 26. bxc4 Nb4 27. Ne4 Nc6
28. Nc5 Qc8 29. Nxb7 Qxb7 30. Rb1 Qc8 31. Bxc6 Ne8 32. Bg2 Qxc4 33. Rb3 Qd4 34.
Qc2 Rf6 35. Bh4 1-0

[Event "POR-chT 49th"]
[Site "Evora"]
[Date "2007.07.29"]
[Round "2"]
[White "Cuenca Jimenez, Jose Fernando"]
[Black "Velicka, Petr"]
[Result "1/2-1/2"]
[WhiteElo "2408"]
[BlackElo "2507"]
[PlyCount "50"]
[EventDate "2007.07.28"]
[EventType "team"]
[EventRounds "9"]
[EventCountry "POR"]
[SourceTitle "CBM 119 Extra"]
[Source "ChessBase"]
[SourceDate "2007.09.04"]
[SourceVersion "1"]
[SourceVersionDate "2007.09.04"]
[SourceQuality "1"]

1. c4 c6 2. e4 d5 3. exd5 cxd5 4. cxd5 Nf6 5. Nc3 Nxd5 6. Nf3 Nxc3 7. bxc3 Qc7
8. Bb5+ Bd7 9. Bxd7+ Nxd7 10. O-O e6 11. Qb3 Bd6 12. Ba3 Bxa3 13. Qxa3 Qc5 14.
Qb3 b6 15. d4 Qd6 16. c4 O-O 17. Rfd1 Rfd8 18. Rac1 Rac8 19. h3 Rc7 20. c5 Qd5
21. Qxd5 exd5 22. cxb6 Rxc1 23. Rxc1 Nxb6 24. Rc7 Rd7 25. Rc6 f6 1/2-1/2

[Event "POR-chT 49th"]
[Site "Evora"]
[Date "2007.07.30"]
[Round "3"]
[White "Barrero Garcia, Carlos"]
[Black "Cuenca Jimenez, Jose Fernando"]
[Result "0-1"]
[WhiteElo "2297"]
[BlackElo "2408"]
[PlyCount "68"]
[EventDate "2007.07.28"]
[EventType "team"]
[EventRounds "9"]
[EventCountry "POR"]
[SourceTitle "CBM 119 Extra"]
[Source "ChessBase"]
[SourceDate "2007.09.04"]
[SourceVersion "1"]
[SourceVersionDate "2007.09.04"]
[SourceQuality "1"]

1. Nf3 Nf6 2. d4 g6 3. c4 Bg7 4. Nc3 O-O 5. Bg5 d6 6. e3 Nc6 7. Be2 Nd7 8. Qc2
f6 9. Bh4 e5 10. dxe5 dxe5 11. O-O-O g5 12. Bg3 h6 13. Bd3 Nb4 14. Bh7+ Kh8 15.
Qb1 Qe7 16. a3 f5 17. Bxf5 Nc5 18. axb4 Nb3+ 19. Kc2 Bxf5+ 20. e4 Nd4+ 21. Nxd4
exd4 22. exf5 dxc3 23. bxc3 a5 24. Kb3 axb4 25. cxb4 Qe8 26. b5 Ra5 27. Rd2 Qf7
28. Qe4 Rxb5+ 29. Kc2 Rb2+ 30. Kc1 Rxd2 31. Kxd2 Rd8+ 32. Kc2 Qf6 33. Qxb7 Qc3+
34. Kb1 Rd2 0-1

[Event "POR-chT 49th"]
[Site "Evora"]
[Date "2007.07.31"]
[Round "4"]
[White "Korneev, Oleg"]
[Black "Cuenca Jimenez, Jose Fernando"]
[Result "1-0"]
[WhiteElo "2565"]
[BlackElo "2408"]
[PlyCount "101"]
[EventDate "2007.07.28"]
[EventType "team"]
[EventRounds "9"]
[EventCountry "POR"]
[SourceTitle "CBM 119 Extra"]
[Source "ChessBase"]
[SourceDate "2007.09.04"]
[SourceVersion "1"]
[SourceVersionDate "2007.09.04"]
[SourceQuality "1"]

1. e4 e5 2. Nf3 Nc6 3. Bb5 Nf6 4. O-O Nxe4 5. d4 Nd6 6. Bxc6 dxc6 7. dxe5 Nf5
8. Qxd8+ Kxd8 9. Nc3 h6 10. h3 Bd7 11. b3 Kc8 12. Bb2 Ne7 13. Rad1 Ng6 14. Kh2
b6 15. g3 Bb4 16. Ne2 Re8 17. Nc1 Bf8 18. Nd3 Bf5 19. Rfe1 Kb7 20. g4 Bxd3 21.
Rxd3 Rad8 22. Rxd8 Rxd8 23. Kg3 c5 24. h4 Be7 25. Re2 Rd1 26. h5 Nf8 27. Re1
Rd8 28. Bc1 Ne6 29. Be3 Rd5 30. Re2 Bg5 31. c4 Rd3 32. Rd2 Rxd2 33. Bxd2 Kc6
34. Bxg5 hxg5 35. Ng1 b5 36. Nh3 bxc4 37. bxc4 Kb6 38. f4 gxf4+ 39. Nxf4 Ng5
40. Nh3 Ne6 41. g5 g6 42. h6 Nf8 43. Nf4 Ka5 44. e6 fxe6 45. Nxe6 Nh7 46. Kg4
Kb4 47. Nf4 Kxc4 48. Nxg6 Kd4 49. Nf4 c4 50. g6 Nf6+ 51. Kf5 1-0

[Event "POR-chT 49th"]
[Site "Evora"]
[Date "2007.08.01"]
[Round "5"]
[White "Cuenca Jimenez, Jose Fernando"]
[Black "Wojtaszek, Radoslaw"]
[Result "1-0"]
[WhiteElo "2408"]
[BlackElo "2637"]
[PlyCount "89"]
[EventDate "2007.07.28"]
[EventType "team"]
[EventRounds "9"]
[EventCountry "POR"]
[SourceTitle "CBM 119 Extra"]
[Source "ChessBase"]
[SourceDate "2007.09.04"]
[SourceVersion "1"]
[SourceVersionDate "2007.09.04"]
[SourceQuality "1"]

1. e4 c5 2. Nf3 e6 3. d4 cxd4 4. Nxd4 Nf6 5. Nc3 d6 6. Bg5 Be7 7. f4 h6 8. Bh4
a6 9. Qf3 Qc7 10. O-O-O Nbd7 11. Bg3 g6 12. e5 Nh5 13. exd6 Bxd6 14. Ndb5 axb5
15. Nxb5 Bxf4+ 16. Bxf4 Qxf4+ 17. Qxf4 Nxf4 18. Nc7+ Ke7 19. Nxa8 b6 20. Bb5
Nxg2 21. Bxd7 Bxd7 22. Nxb6 Bc6 23. Rhg1 Nf4 24. Rgf1 g5 25. a4 e5 26. b4 Rb8
27. a5 e4 28. c4 e3 29. Rfe1 Ng2 30. Rxe3+ Nxe3 31. Re1 f5 32. Rxe3+ Kf7 33. b5
Bg2 34. Re2 Bf3 35. Rf2 g4 36. c5 Re8 37. c6 Re1+ 38. Kc2 Ra1 39. c7 Ra2+ 40.
Kc3 Rxf2 41. c8=Q Be4 42. Kd4 Kf6 43. Qd8+ Kg6 44. Qg8+ Kh5 45. a6 1-0

[Event "POR-chT 49th"]
[Site "Evora"]
[Date "2007.08.02"]
[Round "6"]
[White "Del Rio de Angelis, Salvador Gabriel"]
[Black "Cuenca Jimenez, Jose Fernando"]
[Result "1/2-1/2"]
[WhiteElo "2506"]
[BlackElo "2408"]
[PlyCount "33"]
[EventDate "2007.07.28"]
[EventType "team"]
[EventRounds "9"]
[EventCountry "POR"]
[SourceTitle "CBM 119 Extra"]
[Source "ChessBase"]
[SourceDate "2007.09.04"]
[SourceVersion "1"]
[SourceVersionDate "2007.09.04"]
[SourceQuality "1"]

1. d4 Nf6 2. c4 g6 3. Nc3 Bg7 4. e4 d6 5. Be2 O-O 6. Bg5 Na6 7. f4 c6 8. e5 Ne8
9. Nf3 Nac7 10. Bh4 b5 11. O-O bxc4 12. Bxc4 Ne6 13. Bxe6 Bxe6 14. d5 cxd5 15.
Nxd5 f6 16. exf6 Nxf6 17. Nxf6+ 1/2-1/2

[Event "POR-chT 49th"]
[Site "Evora"]
[Date "2007.08.04"]
[Round "8"]
[White "Andrade, Jose Manuel Vieira"]
[Black "Cuenca Jimenez, Jose Fernando"]
[Result "0-1"]
[WhiteElo "2282"]
[BlackElo "2408"]
[PlyCount "28"]
[EventDate "2007.07.28"]
[EventType "team"]
[EventRounds "9"]
[EventCountry "POR"]
[SourceTitle "CBM 119 Extra"]
[Source "ChessBase"]
[SourceDate "2007.09.04"]
[SourceVersion "1"]
[SourceVersionDate "2007.09.04"]
[SourceQuality "1"]

1. c4 Nf6 2. Nc3 g6 3. g3 Bg7 4. Bg2 O-O 5. Rb1 c6 6. e4 d5 7. cxd5 cxd5 8.
exd5 Na6 9. Nge2 Bf5 10. d3 Nc5 11. Nf4 e5 12. Be3 Nfd7 13. Bxc5 Nxc5 14. Ne4
Bxe4 0-1

[Event "POR-chT 49th"]
[Site "Evora"]
[Date "2007.08.05"]
[Round "9"]
[White "Cuenca Jimenez, Jose Fernando"]
[Black "Kurnosov, Igor"]
[Result "1/2-1/2"]
[WhiteElo "2408"]
[BlackElo "2579"]
[PlyCount "126"]
[EventDate "2007.07.28"]
[EventType "team"]
[EventRounds "9"]
[EventCountry "POR"]
[SourceTitle "CBM 119 Extra"]
[Source "ChessBase"]
[SourceDate "2007.09.04"]
[SourceVersion "1"]
[SourceVersionDate "2007.09.04"]
[SourceQuality "1"]

1. e4 c5 2. Nf3 d6 3. d4 cxd4 4. Nxd4 Nf6 5. Nc3 e6 6. Bg5 Be7 7. f4 h6 8. Bh4
Nc6 9. Bg3 O-O 10. Nb3 a6 11. Qf3 e5 12. f5 Nd4 13. Qd3 d5 14. Bxe5 Nxb3 15.
axb3 dxe4 16. Qh3 Nd7 17. Bd4 Bh4+ 18. g3 Bf6 19. O-O-O Bxd4 20. Rxd4 Qg5+ 21.
Kb1 Nf6 22. g4 Nxg4 23. Nxe4 Qxf5 24. Rg1 Qe5 25. Qd3 Bf5 26. Qd2 Bxe4 27. Rxg4
Bg6 28. Bc4 Kh7 29. Rd7 b5 30. Bd3 Rae8 31. Rxf7 Qe1+ 32. Qxe1 Rxe1+ 33. Ka2
Rxf7 34. Bxg6+ Kg8 35. Bxf7+ Kxf7 36. h4 Re5 37. Ka3 g5 38. hxg5 hxg5 39. Kb4
Kf6 40. c4 Kf5 41. Rg2 g4 42. Rc2 a5+ 43. Kxa5 bxc4+ 44. Kb4 cxb3 45. Kxb3 Re4
46. Ka3 g3 47. b4 Kf4 48. Ka4 Kf3 49. Ka5 Re2 50. Rc1 g2 51. b5 Rc2 52. Rg1
Ra2+ 53. Kb6 Kf2 54. Rxg2+ Kxg2 55. Kc7 Rc2+ 56. Kd6 Rb2 57. Kc6 Kf3 58. b6 Ke4
59. b7 Ke5 60. Kc7 Rc2+ 61. Kd7 Rb2 62. Kc7 Kd5 63. b8=Q Rxb8 1/2-1/2

[Event "ESP-chT CECLUB Sur Div 1"]
[Site "Burguillos"]
[Date "2007.08.22"]
[Round "1"]
[White "Fernandez Manrique, Agustin"]
[Black "Cuenca Jimenez, Jose Fernando"]
[Result "0-1"]
[WhiteElo "2159"]
[BlackElo "2408"]
[PlyCount "60"]
[EventDate "2007.08.22"]
[EventType "team"]
[EventRounds "6"]
[EventCountry "ESP"]
[SourceTitle "CBM 119 Extra"]
[Source "ChessBase"]
[SourceDate "2007.09.04"]
[SourceVersion "1"]
[SourceVersionDate "2007.09.04"]
[SourceQuality "1"]

1. c4 Nf6 2. Nc3 g6 3. e4 d6 4. d4 Bg7 5. Be2 O-O 6. Nf3 Na6 7. O-O e5 8. Be3
Ng4 9. Bg5 Qe8 10. dxe5 dxe5 11. h3 f6 12. Bc1 Nh6 13. Be3 c6 14. a3 Nf7 15. b4
Qe7 16. c5 Nc7 17. Bc4 Ne6 18. Qb3 f5 19. Rad1 f4 20. Bc1 Kh8 21. Bb2 g5 22.
Rd3 Nd4 23. Qd1 Nxf3+ 24. Qxf3 g4 25. hxg4 Ng5 26. Qe2 f3 27. Rxf3 Rxf3 28.
gxf3 Nh3+ 29. Kh2 Qh4 30. Rh1 Nf4+ 0-1